Formula One Winners 2010's - Statistics

General Stats
  • This quiz has been taken 2,893 times
  • The average score is 8 of 9
Answer Stats
Wins Driver % Correct
22 wins Lewis Hamilton
100%
34 wins Sebastian Vettel
99%
11 wins Fernando Alonso
96%
8 wins Nico Rosberg
89%
8 wins Jenson Button
88%
7 wins Mark Webber
88%
2 wins Kimi Raikkonen
81%
3 wins Daniel Ricciardo
70%
1 win Pastor Maldonado
67%
No matching quizzes found
Score Distribution
Percent of People with Each Score
Percentile by Number Answered
Your Score History
You have not taken this quiz